Industries agricoles et alimentaires

Zapisane w:
Opis bibliograficzny
1. autor: Emploi, Dossier
Format: Książka
Język:Undetermined
Wydane: Paris Place Fontenoy 1978
Hasła przedmiotowe:
Etykiety: Dodaj etykietę
Nie ma etykietki, Dołącz pierwszą etykiete!
Thư viện lưu trữ: Trung tâm Học liệu Trường Đại học Cần Thơ
LEADER 00482nam a2200181Ia 4500
001 CTU_77425
008 210402s9999 xx 000 0 und d
082 |a 338.4 
082 |b E.55/Vol1 
100 |a Emploi, Dossier 
245 0 |a Industries agricoles et alimentaires 
245 0 |c Dossier Emploi 
260 |a Paris 
260 |b Place Fontenoy 
260 |c 1978 
650 |a Food industry 
904 |i Trọng Hải 
980 |a Trung tâm Học liệu Trường Đại học Cần Thơ